<?xml version="1.0" encoding="UTF-8"?>
<record
    xmlns:xsi="http://www.w3.org/2001/XMLSchema-instance"
    xsi:schemaLocation="http://www.loc.gov/MARC21/slim http://www.loc.gov/standards/marcxml/schema/MARC21slim.xsd"
    xmlns="http://www.loc.gov/MARC21/slim">

  <leader>01718nam a2200505 a 4500</leader>
  <controlfield tag="005">20240214112408.0</controlfield>
  <controlfield tag="008">100303s2012||||ag a   | |||| 00| 0 spa  </controlfield>
  <datafield tag="020" ind1=" " ind2=" ">
    <subfield code="a">9789500205757</subfield>
  </datafield>
  <datafield tag="041" ind1=" " ind2=" ">
    <subfield code="a">spa</subfield>
  </datafield>
  <datafield tag="092" ind1=" " ind2=" ">
    <subfield code="c">574.19</subfield>
    <subfield code="l">7</subfield>
    <subfield code="s">BLA</subfield>
  </datafield>
  <datafield tag="100" ind1="1" ind2=" ">
    <subfield code="a">Blanco, Antonio.</subfield>
    <subfield code="9">148</subfield>
  </datafield>
  <datafield tag="245" ind1=" " ind2=" ">
    <subfield code="a">Qu&#xED;mica biol&#xF3;gica /  </subfield>
    <subfield code="c">Antonio Blanco.</subfield>
  </datafield>
  <datafield tag="250" ind1=" " ind2=" ">
    <subfield code="a">9a ed.</subfield>
  </datafield>
  <datafield tag="260" ind1=" " ind2=" ">
    <subfield code="a">Buenos Aires: </subfield>
    <subfield code="b">El Ateneo;</subfield>
    <subfield code="c">2012.</subfield>
  </datafield>
  <datafield tag="300" ind1=" " ind2=" ">
    <subfield code="a">714 p.</subfield>
  </datafield>
  <datafield tag="500" ind1=" " ind2=" ">
    <subfield code="a">Blanco, A. y Blanco, G. (Col.). (2012). Qu&#xED;mica biol&#xF3;gica. (9a ed.). Buenos Aires : El Ateneo.</subfield>
  </datafield>
  <datafield tag="590" ind1=" " ind2=" ">
    <subfield code="a">Reemplazo ej. 1449 8a ed. mojado con mate por Camila Martinez Aravena</subfield>
  </datafield>
  <datafield tag="653" ind1=" " ind2=" ">
    <subfield code="a">Composici&#xF3;n qu&#xED;mica del organismo</subfield>
  </datafield>
  <datafield tag="653" ind1=" " ind2=" ">
    <subfield code="a">Agua</subfield>
  </datafield>
  <datafield tag="653" ind1=" " ind2=" ">
    <subfield code="a">Prote&#xED;nas</subfield>
  </datafield>
  <datafield tag="653" ind1=" " ind2=" ">
    <subfield code="a">Hidratos de carbono</subfield>
  </datafield>
  <datafield tag="653" ind1=" " ind2=" ">
    <subfield code="a">L&#xED;pidos</subfield>
  </datafield>
  <datafield tag="653" ind1=" " ind2=" ">
    <subfield code="a">Acidos nucleicos</subfield>
  </datafield>
  <datafield tag="653" ind1=" " ind2=" ">
    <subfield code="a">Elementos de termodin&#xE1;mica y cin&#xE9;tica bioqu&#xED;micas</subfield>
  </datafield>
  <datafield tag="653" ind1=" " ind2=" ">
    <subfield code="a">Enzimas</subfield>
  </datafield>
  <datafield tag="653" ind1=" " ind2=" ">
    <subfield code="a">Oxidaciones biol&#xF3;gicas. Bioenerg&#xE9;tica</subfield>
  </datafield>
  <datafield tag="653" ind1=" " ind2=" ">
    <subfield code="a">Membranas</subfield>
  </datafield>
  <datafield tag="653" ind1=" " ind2=" ">
    <subfield code="a">Digesti&#xF3;n. Absorci&#xF3;n</subfield>
  </datafield>
  <datafield tag="653" ind1=" " ind2=" ">
    <subfield code="a">Metabolismo</subfield>
  </datafield>
  <datafield tag="653" ind1=" " ind2=" ">
    <subfield code="a">Metabolismo de hidratos de carbono</subfield>
  </datafield>
  <datafield tag="653" ind1=" " ind2=" ">
    <subfield code="a">Metabolismo de l&#xED;pidos</subfield>
  </datafield>
  <datafield tag="653" ind1=" " ind2=" ">
    <subfield code="a">Metabolismo de amino&#xE1;cidos</subfield>
  </datafield>
  <datafield tag="653" ind1=" " ind2=" ">
    <subfield code="a">Metabolismo del hemo</subfield>
  </datafield>
  <datafield tag="653" ind1=" " ind2=" ">
    <subfield code="a">Metabolismo de purinas y pirimidinas</subfield>
  </datafield>
  <datafield tag="653" ind1=" " ind2=" ">
    <subfield code="a">Regulaci&#xF3;n del metabolismo</subfield>
  </datafield>
  <datafield tag="653" ind1=" " ind2=" ">
    <subfield code="a">Informaci&#xF3;n gen&#xE9;tica. Replicaci&#xF3;n y transcripci&#xF3;n</subfield>
  </datafield>
  <datafield tag="653" ind1=" " ind2=" ">
    <subfield code="a">Informacion gen&#xE9;tica. Bios&#xED;ntesis de prote&#xED;nas</subfield>
  </datafield>
  <datafield tag="653" ind1=" " ind2=" ">
    <subfield code="a">Bases qu&#xED;micas de la endocrinologia</subfield>
  </datafield>
  <datafield tag="653" ind1=" " ind2=" ">
    <subfield code="a">Vitaminas</subfield>
  </datafield>
  <datafield tag="653" ind1=" " ind2=" ">
    <subfield code="a">Balance hidromineral</subfield>
  </datafield>
  <datafield tag="653" ind1=" " ind2=" ">
    <subfield code="a">Bioqu&#xED;mica de tejidos</subfield>
  </datafield>
  <datafield tag="653" ind1=" " ind2=" ">
    <subfield code="a">Bases moleculares de la inmunidad</subfield>
  </datafield>
  <datafield tag="700" ind1="1" ind2=" ">
    <subfield code="a">Blanco, Gustavo </subfield>
    <subfield code="9">1869</subfield>
  </datafield>
  <datafield tag="942" ind1=" " ind2=" ">
    <subfield code="2">ddc</subfield>
    <subfield code="c">BK</subfield>
    <subfield code="0">7</subfield>
  </datafield>
  <datafield tag="999" ind1=" " ind2=" ">
    <subfield code="c">1138</subfield>
    <subfield code="d">1138</subfield>
  </datafield>
  <datafield tag="952" ind1=" " ind2=" ">
    <subfield code="0">0</subfield>
    <subfield code="1">0</subfield>
    <subfield code="2">ddc</subfield>
    <subfield code="4">0</subfield>
    <subfield code="7">0</subfield>
    <subfield code="a">BFM</subfield>
    <subfield code="b">BFM</subfield>
    <subfield code="c">CR</subfield>
    <subfield code="d">2012-12-03</subfield>
    <subfield code="l">270</subfield>
    <subfield code="m">27</subfield>
    <subfield code="o">574.19 7 BLA</subfield>
    <subfield code="p">1449</subfield>
    <subfield code="r">2025-11-06</subfield>
    <subfield code="s">2025-10-30</subfield>
    <subfield code="t">Ej. 34</subfield>
    <subfield code="w">2012-12-03</subfield>
    <subfield code="y">BK</subfield>
    <subfield code="z">Sede Tordos. REEMPLAZO POR LIBRO MOJADO, POR EL SOCIO MARTINEZ ARAVENA, CAMILA. JUNIO 2013</subfield>
    <subfield code="f"></subfield>
  </datafield>
  <datafield tag="952" ind1=" " ind2=" ">
    <subfield code="0">0</subfield>
    <subfield code="1">0</subfield>
    <subfield code="2">ddc</subfield>
    <subfield code="4">0</subfield>
    <subfield code="7">0</subfield>
    <subfield code="a">BFM</subfield>
    <subfield code="b">BFM</subfield>
    <subfield code="c">CR</subfield>
    <subfield code="d">2013-11-08</subfield>
    <subfield code="l">217</subfield>
    <subfield code="m">24</subfield>
    <subfield code="o">574.19 7 BLA</subfield>
    <subfield code="p">3163</subfield>
    <subfield code="r">2023-10-26</subfield>
    <subfield code="s">2023-10-19</subfield>
    <subfield code="t">Ej.44</subfield>
    <subfield code="w">2013-11-08</subfield>
    <subfield code="y">BK</subfield>
    <subfield code="z">DONACION OCTUBRE 2013</subfield>
  </datafield>
  <datafield tag="952" ind1=" " ind2=" ">
    <subfield code="0">0</subfield>
    <subfield code="1">0</subfield>
    <subfield code="2">ddc</subfield>
    <subfield code="4">0</subfield>
    <subfield code="7">0</subfield>
    <subfield code="a">BFM</subfield>
    <subfield code="b">BFM</subfield>
    <subfield code="c">CR</subfield>
    <subfield code="d">2013-11-20</subfield>
    <subfield code="e">PROMED 3er a&#xF1;o</subfield>
    <subfield code="g">390.00</subfield>
    <subfield code="l">202</subfield>
    <subfield code="m">27</subfield>
    <subfield code="o">574.19 7 BLA</subfield>
    <subfield code="p">3190</subfield>
    <subfield code="r">2025-11-13</subfield>
    <subfield code="s">2025-11-04</subfield>
    <subfield code="t">Ej. 45</subfield>
    <subfield code="w">2013-11-20</subfield>
    <subfield code="y">BK</subfield>
    <subfield code="z">COMPRA PROMED. Nov 2013. Sede Tordos.</subfield>
    <subfield code="f"></subfield>
  </datafield>
  <datafield tag="952" ind1=" " ind2=" ">
    <subfield code="0">0</subfield>
    <subfield code="1">0</subfield>
    <subfield code="2">ddc</subfield>
    <subfield code="4">0</subfield>
    <subfield code="7">0</subfield>
    <subfield code="a">BFM</subfield>
    <subfield code="b">BFM</subfield>
    <subfield code="c">CR</subfield>
    <subfield code="d">2013-11-20</subfield>
    <subfield code="e">PROMED 3er a&#xF1;o</subfield>
    <subfield code="g">390.00</subfield>
    <subfield code="l">225</subfield>
    <subfield code="m">19</subfield>
    <subfield code="o">574.19 7 BLA</subfield>
    <subfield code="p">3191</subfield>
    <subfield code="r">2025-11-14</subfield>
    <subfield code="s">2025-11-07</subfield>
    <subfield code="t">Ej. 46</subfield>
    <subfield code="w">2013-11-20</subfield>
    <subfield code="y">BK</subfield>
    <subfield code="z">COMPRA PROMED. Nov 2013. Sede Tordos.</subfield>
    <subfield code="f"></subfield>
  </datafield>
  <datafield tag="952" ind1=" " ind2=" ">
    <subfield code="0">0</subfield>
    <subfield code="1">0</subfield>
    <subfield code="2">ddc</subfield>
    <subfield code="4">0</subfield>
    <subfield code="7">0</subfield>
    <subfield code="a">BFM</subfield>
    <subfield code="b">BFM</subfield>
    <subfield code="c">CR</subfield>
    <subfield code="d">2013-11-20</subfield>
    <subfield code="e">PROMED 3er a&#xF1;o</subfield>
    <subfield code="g">390.00</subfield>
    <subfield code="l">217</subfield>
    <subfield code="m">17</subfield>
    <subfield code="o">574.19 7 BLA</subfield>
    <subfield code="p">3192</subfield>
    <subfield code="r">2024-10-21</subfield>
    <subfield code="s">2024-10-14</subfield>
    <subfield code="t">Ej. 47</subfield>
    <subfield code="w">2013-11-20</subfield>
    <subfield code="y">BK</subfield>
    <subfield code="z">COMPRA PROMED. Nov 2013</subfield>
  </datafield>
  <datafield tag="952" ind1=" " ind2=" ">
    <subfield code="0">0</subfield>
    <subfield code="1">0</subfield>
    <subfield code="2">ddc</subfield>
    <subfield code="4">0</subfield>
    <subfield code="7">0</subfield>
    <subfield code="a">BFM</subfield>
    <subfield code="b">BFM</subfield>
    <subfield code="c">CR</subfield>
    <subfield code="d">2013-11-20</subfield>
    <subfield code="e">PROMED 3er a&#xF1;o</subfield>
    <subfield code="g">390.00</subfield>
    <subfield code="l">199</subfield>
    <subfield code="m">18</subfield>
    <subfield code="o">574.19 7 BLA</subfield>
    <subfield code="p">3193</subfield>
    <subfield code="r">2023-11-06</subfield>
    <subfield code="s">2023-10-31</subfield>
    <subfield code="t">EJ. 48</subfield>
    <subfield code="w">2013-11-20</subfield>
    <subfield code="y">BK</subfield>
    <subfield code="z">COMPRA PROMED. Nov 2013</subfield>
  </datafield>
  <datafield tag="952" ind1=" " ind2=" ">
    <subfield code="0">0</subfield>
    <subfield code="1">0</subfield>
    <subfield code="2">ddc</subfield>
    <subfield code="4">0</subfield>
    <subfield code="7">0</subfield>
    <subfield code="a">BFM</subfield>
    <subfield code="b">BFM</subfield>
    <subfield code="c">CR</subfield>
    <subfield code="d">2013-11-20</subfield>
    <subfield code="e">PROMED 3er a&#xF1;o.</subfield>
    <subfield code="g">390.00</subfield>
    <subfield code="l">204</subfield>
    <subfield code="m">28</subfield>
    <subfield code="o">574.19 7 BLA</subfield>
    <subfield code="p">3194</subfield>
    <subfield code="r">2023-12-13</subfield>
    <subfield code="s">2023-12-07</subfield>
    <subfield code="t">Ej. 49</subfield>
    <subfield code="w">2013-11-20</subfield>
    <subfield code="y">BK</subfield>
    <subfield code="z">COMPRA PROMED. Nov 2013</subfield>
  </datafield>
  <datafield tag="952" ind1=" " ind2=" ">
    <subfield code="0">0</subfield>
    <subfield code="1">0</subfield>
    <subfield code="2">ddc</subfield>
    <subfield code="4">0</subfield>
    <subfield code="7">0</subfield>
    <subfield code="a">BFM</subfield>
    <subfield code="b">BFM</subfield>
    <subfield code="c">CR</subfield>
    <subfield code="d">2014-10-22</subfield>
    <subfield code="e">DONACION</subfield>
    <subfield code="l">213</subfield>
    <subfield code="m">28</subfield>
    <subfield code="o">574.19 7 BLA</subfield>
    <subfield code="p">3333</subfield>
    <subfield code="r">2023-09-14</subfield>
    <subfield code="s">2023-09-07</subfield>
    <subfield code="t">Ej.50</subfield>
    <subfield code="w">2014-10-22</subfield>
    <subfield code="y">BK</subfield>
    <subfield code="z">DONACION EVA BARALES, OCTUBRE 2014.</subfield>
  </datafield>
</record>
